| 000 | 00563nam a2200181 a 4500 | ||
|---|---|---|---|
| 005 | 20240924065258.0 | ||
| 008 | 991125s1959 cl 000 0 spa u | ||
| 035 | _aUPN01000043354 | ||
| 049 | _aCG | ||
| 050 | 4 |
_aLA568 _bN5.6 |
|
| 100 | 1 |
_aNieto Caballero, Agustín, _d1889-1975 _931608 |
|
| 245 | 1 | 0 |
_aPalabras a la juventud / _cAgustín Nieto Caballero. |
| 260 |
_aBogotá : _bABC, _c[1959?]. |
||
| 300 | _a229 p. | ||
| 650 | 4 |
_aEducación superior _zColombia _915226 |
|
| 650 | 4 |
_aJUVENTUD - _zCOLOMBIA - _vDISCURSOS, ENSAYOS, CONFERENCIAS, ETC. |
|
| 905 | _aLibro | ||
| 999 |
_c43354 _d43354 |
||